USTROJSTVO I PROIZVODSTVO ELEKTRIČESKICH MAŠIN MALOJ MOŠČNOSTI /

Uloženo v:
Podrobná bibliografie
Hlavní autor: Osin, Igor Lvovič
Další autoři: Antonov, Michail Vasiľjevič
Médium: Kniha
Jazyk:ruština
Vydáno: Moskva : Vysšaja škola, 1988
Témata:
On-line přístup: Získat plný text
Tagy: Přidat tag
Žádné tagy, Buďte první, kdo vytvoří štítek k tomuto záznamu!

MARC

LEADER 00000nam a2200000 4500
003 SK-BrCVT
005 20220617122359.0
008 880101s1988 rur e ||||||rus d
035 |a CVTIDW0875926 
040 |b slo  |a CVTI SR 
041 0 |a rus 
044 |a rur 
080 |a 621.313  |2 UDC-MRF 
100 1 |a Osin, Igor Lvovič 
242 1 0 |a MECHANIZMUS A VÝROBA ELEKTRICKÝCH STROJOV MALÉHO VÝKONU 
245 1 0 |a USTROJSTVO I PROIZVODSTVO ELEKTRIČESKICH MAŠIN MALOJ MOŠČNOSTI /  |c Igor Lvovič Osin, Michail Vasiľjevič Antonov 
260 |a Moskva :  |b Vysšaja škola,  |c 1988 
300 |a 214 S. :  |b grafy, lit., obr. ; 
655 4 |a odborné publikácie 
692 |a Pc Sm Lv 
700 |a Antonov, Michail Vasiľjevič 
910 |b A495851 
974 |f Knihy 
992 |a AMG 
999 |c 23521  |d 23521